[Event "It (open)"]
[Site "masterchessopen.com Nuernberg (Germany)"]
[Round "0"]
[White "Wartlick Karl (GER)"]
[Black "Schmall Juergen (GER)"]
[Result "0-1"]
[WhiteElo "2208"]
[BlackElo "2350"]

1.e4 c5 2.Nf3 Nc6 3.d4 cxd4 4.Nxd4 g6 5.c4 Bg7 6.Be3 Nf6 7.Nc3 Ng4 8.Qd2 Nxe3
9.Nxc6 Nxf1 10.Qf4 bxc6 11.Kxf1 Ba6 12.e5 Qb8 13.Re1 Qxb2 14.Ne4 Bxc4+ 15.Kg1
Bd5 16.Nf6+ exf6 17.exf6+ Be6 18.fxg7 Qxg7 19.h4 O-O 20.h5 g5 21.Qd6 h6 22.f4
Rae8 23.fxg5 Qxg5 24.Re5 Qc1+ 25.Kh2 Qf4+ 26.Kg1 Bd5 {#R} 0-1

[Event "It (open)"]
[Site "masterchessopen.com St. Ingbert (Germany)"]
[Round "4"]
[White "Horvath Gyula (HUN)"]
[Black "Sponheim Olaf (GER)"]
[Result "1-0"]
[WhiteElo "2440"]
[BlackElo "2292"]

1.Nf3 g6 2.c4 c5 3.d4 cxd4 4.Nxd4 Bg7 5.e4 Nc6 6.Be3 Nf6 7.Nc3 Ng4 8.Qxg4 Nxd4
9.Qd1 Ne6 10.Rc1 Qa5 11.Bd3 b6 12.O-O Bb7 13.a3 Bxc3 14.Rxc3 g5 15.Qh5 Qe5
16.f4 Nxf4 17.Rxf4 {#r} 1-0

[Event "It (open)"]
[Site "masterchessopen.com Cannes (France)"]
[Round "0"]
[White "Bremond Eric (FRA)"]
[Black "Ferrigno Jean-Pierre (FRA)"]
[Result "1-0"]
[WhiteElo "2228"]
[BlackElo "2117"]

1.e4 c5 2.Nf3 Nc6 3.d4 cxd4 4.Nxd4 g6 5.c4 Bg7 6.Be3 Nf6 7.Nc3 Ng4 8.Qxg4 Nxd4
9.Qd1 e5 10.Bd3 O-O 11.O-O b6 12.Rc1 Bb7 13.Bb1 f5 14.exf5 Qh4 15.fxg6 Bf3
16.gxh7+ Kh8 17.Qd3 e4 18.Nxe4 Ne2+ 19.Kh1 Be5 20.Ng3 Rf5 21.Bg5 Rxg5 22.Qxf3
Rh5 23.Qxa8+ Kg7 24.Qg8+ Kf6 25.Nxh5+ {#r} 1-0

[Event "?"]
[Site "masterchessopen.com Chanac (France)"]
[Round "0"]
[White "Santo-Roman Marc (FRA)"]
[Black "Weill Roland (FRA)"]
[Result "1-0"]
[WhiteElo "2392"]
[BlackElo "2235"]

1.e4 c5 2.Nf3 Nc6 3.d4 cxd4 4.Nxd4 g6 5.c4 Bg7 6.Be3 Nf6 7.Nc3 Ng4 8.Qxg4 Nxd4
9.Qd1 Ne6 10.Qd2 O-O 11.Bd3 d6 12.Rc1 Bd7 13.O-O Bc6 14.f4 b6 15.Bb1 Qd7 16.f5
Nc7 17.Bh6 Ne8 18.Rf3 Nf6 19.Rh3 e6 20.Bxg7 Kxg7 21.Rd1 exf5 22.Qh6+ Kg8 23.e5
Nh5 24.Rxh5 gxh5 25.Qg5+ Kh8 26.Qf6+ Kg8 27.Qg5+ Kh8 28.Qf6+ Kg8 29.Rxd6 {#r}
1-0

[Event "It (open)"]
[Site "masterchessopen.com Dortmund (Germany)"]
[Round "9"]
[White "Herrmann Michael (GER)"]
[Black "Pirisi Gabor (HUN)"]
[Result "0-1"]
[WhiteElo "2242"]
[BlackElo "2249"]

1.Nf3 c5 2.c4 Nc6 3.d4 cxd4 4.Nxd4 g6 5.e4 Bg7 6.Be3 Nf6 7.Nc3 Ng4 8.Qxg4 Nxd4
9.Qd1 e5 10.Qd2 O-O 11.Bd3 d6 12.O-O Be6 13.Ne2 Nc6 14.Rfc1 f5 15.f3 Rf7
16.Nc3 Nd4 17.Nd5 Bxd5 18.cxd5 f4 19.Bxd4 exd4 20.Rc4 Be5 21.Rac1 g5 22.a4 g4
23.a5 h5 24.b4 Rg7 25.Be2 Kh7 26.b5 d3 27.Bd1 Qh4 28.Kh1 Rag8 29.a6 bxa6
30.bxa6 Rb8 31.R1c3 Rb2 {#R} 0-1

[Event "Regionalliga NordS"]
[Site "masterchessopen.com Germany"]
[Round "0"]
[White "Herrmann Michael (GER)"]
[Black "Von Herman Ulf (GER)"]
[Result "1-0"]
[WhiteElo "2242"]
[BlackElo "2419"]

1.Nf3 c5 2.c4 g6 3.d4 Bg7 4.e4 cxd4 5.Nxd4 Nc6 6.Be3 Nf6 7.Nc3 Ng4 8.Qxg4 Nxd4
9.Qd1 Ne6 10.Qd2 Qa5 11.Rc1 g5 12.a3 b6 13.Be2 Bb7 14.f3 d6 15.O-O h6 16.Rfd1
Qe5 17.b4 O-O 18.Bf1 Rfc8 19.Rc2 Kf8 20.g3 f5 21.Nd5 fxe4 22.fxe4 Re8 23.c5
dxc5 24.bxc5 bxc5 25.Bc4 Rad8 26.Rf1+ Bf6 27.Qd3 Kg7 28.Rcf2 Rf8 29.Rf5 Qb2
30.Rb1 Bxd5 {#r} 1-0

[Event "Ch Hamburg (juniors) (under 20)"]
[Site "masterchessopen.com Hamburg (Germany)"]
[Round "0"]
[White "Diekmann Jens (GER)"]
[Black "Sievers Stefan (GER)"]
[Result "0-1"]
[WhiteElo "2085"]
[BlackElo "2389"]

1.c4 c5 2.Nf3 Nc6 3.d4 cxd4 4.Nxd4 Nf6 5.Nc3 g6 6.e4 Bg7 7.Be3 Ng4 8.Qxg4 Nxd4
9.Qd1 Ne6 10.Rc1 Qa5 11.Bd3 b6 12.O-O Bb7 13.f3 g5 14.Rf2 Qe5 15.b4 h5 16.Nd5
Rc8 17.a4 h4 18.Ra2 Nf4 19.Bf2 Nxd5 20.exd5 Qf4 21.g3 hxg3 22.hxg3 Qd6 23.Qe1
Qh6 24.Kf1 Bxd5 25.Qe3 g4 26.fxg4 Qxe3 27.Bxe3 Rh1+ 28.Ke2 Rxc1 29.Bxc1 Bxc4
30.Rc2 Bxd3+ 31.Kxd3 Rxc2 32.Kxc2 Be5 33.Bf4 f6 34.Bxe5 fxe5 35.Kd3 d5 {#R}
0-1

[Event "It (open) \"]
[Site "masterchessopen.com Kecskemet (Hungary)"]
[Round "13"]
[White "Varga Zoltan (HUN)"]
[Black "Dischinger Frank (GER)"]
[Result "1-0"]
[WhiteElo "2425"]
[BlackElo "2176"]

1.e4 c5 2.Nf3 Nc6 3.d4 cxd4 4.Nxd4 g6 5.c4 Bg7 6.Be3 Nf6 7.Nc3 Ng4 8.Qxg4 Nxd4
9.Qd1 Ne6 10.Qd2 Qa5 11.Rc1 d6 12.Bd3 g5 13.O-O Bd7 14.b3 Be5 15.Be2 Nf4
16.Bd1 Rc8 17.g3 Nh3+ 18.Kh1 g4 19.f4 gxf3 20.Bxf3 h5 21.Qe1 a6 22.Bd2 Rh7
23.Bg2 f6 24.Nd5 Qd8 25.Ba5 {#r} 1-0

[Event "Ch Cuba"]
[Site "masterchessopen.com S-Spiritus (Cuba)"]
[Round "0"]
[White "Herrera Irisberto (ESP)"]
[Black "Diaz Joaquin C (CUB)"]
[Result "1-0"]
[WhiteElo "2444"]
[BlackElo "2327"]

1.e4 c5 2.Nf3 Nc6 3.d4 cxd4 4.Nxd4 g6 5.c4 Bg7 6.Be3 Nf6 7.Nc3 Ng4 8.Qxg4 Nxd4
9.Qd1 Ne6 10.Qd2 O-O 11.Be2 b6 12.O-O Bb7 13.f3 f5 14.Rad1 f4 15.Bf2 d6 16.Nd5
Be5 17.b4 Kh8 18.Rc1 h5 19.Rfd1 g5 20.Qd3 Rg8 21.Qb3 g4 22.fxg4 hxg4 23.Bxg4
Ng5 24.Bh4 Bc8 25.Bxc8 Qxc8 26.Bxg5 Rxg5 27.Qf3 Qf8 28.Nc7 {#r} 1-0

[Event "It (open)"]
[Site "masterchessopen.com San Benedetto del Tronto (Italy)"]
[Round "0"]
[White "Palac Mladen (CRO)"]
[Black "Krajina Davor (CRO)"]
[Result "1-0"]
[WhiteElo "2591"]
[BlackElo "2251"]

1.e4 c5 2.Nf3 Nc6 3.d4 cxd4 4.Nxd4 g6 5.c4 Bg7 6.Be3 Nf6 7.Nc3 Ng4 8.Qxg4 Nxd4
9.Qd1 Ne6 10.Rc1 Qa5 11.Bd3 b6 12.O-O Bb7 13.f4 Bd4 14.Bxd4 Nxd4 15.Bb1 Ne6
16.Nd5 Qc5+ 17.Kh1 f6 18.b4 Qc6 19.Qg4 Qd6 20.Rfe1 Bxd5 21.exd5 f5 22.Bxf5 Nd4
23.c5 bxc5 24.bxc5 {#r} 1-0

[Event "Ch URS (club)"]
[Site "masterchessopen.com Simferopol (Ukraine)"]
[Round "0"]
[White "Kozlov Vladimir N (RUS)"]
[Black "Zakharov Alexander (RUS)"]
[Result "0-1"]
[WhiteElo "2268"]
[BlackElo "2380"]

1.c4 c5 2.Nf3 Nf6 3.Nc3 g6 4.e4 Bg7 5.d4 cxd4 6.Nxd4 Nc6 7.Be3 Ng4 8.Qxg4 Nxd4
9.Qd1 Ne6 10.Qd2 d6 11.Be2 O-O 12.O-O Nc5 13.f3 f5 14.Rfd1 Be6 15.exf5 Rxf5
16.Rac1 a5 17.b3 Qf8 18.Nb5 Bd7 19.Nc7 Rc8 20.Nd5 Bc6 21.Re1 e6 22.Nf4 Be5
23.Nd3 Nxd3 24.Qxd3 Qf6 25.Rf1 Rf8 26.Rf2 Bxh2+ 27.Kxh2 Qh4+ 28.Kg1 Rh5
29.Rff1 Qg3 30.Bd1 Rh2 31.Rf2 Rxf3 32.Bxf3 Bxf3 33.Qxd6 Rxg2+ {#R} 0-1

[Event "Ch Baden-Wuerttemberg"]
[Site "masterchessopen.com Stuttgart (Germany)"]
[Round "6"]
[White "Seeger Werner (GER)"]
[Black "Ott Frank (GER)"]
[Result "0-1"]
[WhiteElo "2221"]
[BlackElo "2313"]

1.Nf3 c5 2.c4 Nc6 3.d4 cxd4 4.Nxd4 g6 5.e4 Bg7 6.Be3 Nf6 7.Nc3 Ng4 8.Qxg4 Nxd4
9.Qd1 Ne6 10.Rc1 Qa5 11.a3 d6 12.Be2 Bd7 13.O-O Bc6 14.b4 Qxa3 15.b5 Bxc3
16.bxc6 bxc6 17.Bg4 O-O 18.Bxe6 fxe6 19.Qg4 Kf7 20.Bh6 Bb2 21.Rce1 Rfb8 22.Re3
Qc5 23.Rh3 Qxc4 24.Bg5 h5 25.Qf3+ Ke8 26.g4 Rb5 27.Be3 Kd7 28.Rd1 Re5 29.Qf7
Qxe4 30.Bf4 g5 31.Rb3 Qxf4 32.Rb7+ Kc8 {#R} 0-1

[Event "Ch Europe (juniors) (under 20)"]
[Site "masterchessopen.com Arnhem (Netherlands)"]
[Round "7"]
[White "Sinowjew Juri (AUT)"]
[Black "Moldovan Daniel (ROM)"]
[Result "0-1"]
[WhiteElo "2283"]
[BlackElo "2436"]

1.e4 c5 2.Nf3 Nc6 3.d4 cxd4 4.Nxd4 g6 5.c4 Bg7 6.Be3 Nf6 7.Nc3 Ng4 8.Qxg4 Nxd4
9.Qd1 Ne6 10.Rc1 Qa5 11.Bd3 b6 12.O-O Bb7 13.f4 O-O 14.Bb1 d6 15.Nd5 Bxd5
16.cxd5 Nc5 17.Bd4 Qb4 18.Bxg7 Kxg7 19.Qe2 Rac8 20.Rc4 Qb5 21.Rfc1 a5 22.Bd3
Qd7 23.R4c3 Qa4 24.Bb5 Qd4+ 25.Kh1 Nxe4 26.Rxc8 Rxc8 27.Rxc8 Nf2+ {#R} 0-1

[Event "It \"]
[Site "masterchessopen.com Budapest (Hungary)"]
[Round "8"]
[White "Fogarasi Tibor (HUN)"]
[Black "Laqua Christian (GER)"]
[Result "1-0"]
[WhiteElo "2400"]
[BlackElo "2158"]

1.e4 c5 2.Nf3 Nc6 3.d4 cxd4 4.Nxd4 g6 5.c4 Bg7 6.Be3 Nf6 7.Nc3 Ng4 8.Qxg4 Nxd4
9.Qd1 Ne6 10.Qd2 Qa5 11.Rc1 d6 12.Be2 Bd7 13.O-O Bc6 14.f3 g5 15.Rfd1 Be5
16.a3 h5 17.b4 Qxa3 18.b5 Nf4 19.Nb1 Qb2 20.Qxb2 Bxb2 21.Rc2 Be5 22.bxc6 bxc6
23.Bf1 h4 24.c5 Kd7 25.Na3 Rh6 26.Nc4 Kc7 27.Nxe5 dxe5 28.Rcd2 {#r} 1-0

[Event "It (open)"]
[Site "masterchessopen.com Cannes (France)"]
[Round "0"]
[White "Poulenard Raphael (FRA)"]
[Black "Guglielmi Riccardo (ITA)"]
[Result "0-1"]
[WhiteElo "2226"]
[BlackElo "2193"]

1.d4 Nf6 2.c4 c5 3.Nf3 g6 4.Nc3 cxd4 5.Nxd4 Nc6 6.e4 Bg7 7.Be3 Ng4 8.Qxg4 Nxd4
9.Qd1 Ne6 10.Be2 b6 11.O-O Bb7 12.Qd2 O-O 13.f4 d6 14.f5 Nc5 15.Bh6 Bh8
16.Bxf8 Qxf8 17.Bf3 Be5 18.Rae1 Qg7 19.Nd1 Nd7 20.Re2 g5 21.Nf2 Bf4 22.Qc2 Ne5
23.Ng4 Nxg4 24.Bxg4 Be5 25.Kh1 Qh6 26.h3 Qh4 27.Qd3 h5 28.g3 Bxg3 29.Rg2 Be5
30.f6 hxg4 31.Rxg4 Qh6 32.fxe7 Re8 33.h4 Rxe7 34.Rfg1 Kf8 35.Rxg5 Qxh4+ {#R}
0-1

[Event "Ch Yugoslavia (team)"]
[Site "masterchessopen.com Cetinje (Montenegro)"]
[Round "0"]
[White "Veroci Zsuzsa (HUN)"]
[Black "Ankerst Milka (SLO)"]
[Result "1-0"]
[WhiteElo "2253"]
[BlackElo "2084"]

1.e4 c5 2.Nf3 Nc6 3.d4 cxd4 4.Nxd4 g6 5.c4 Nf6 6.Nc3 Bg7 7.Be3 Ng4 8.Qxg4 Nxd4
9.Qd1 Ne6 10.Rc1 Qa5 11.Qd2 d6 12.a3 g5 13.Be2 Qe5 14.f3 b6 15.O-O Bb7 16.Rfd1
h5 17.b4 Kf8 18.Nb5 h4 19.c5 bxc5 20.bxc5 Bc6 21.Nc7 Nxc7 22.cxd6 Qxd6 23.Qxd6
exd6 24.Rxc6 Ne6 25.Bc4 Bb2 26.Bxe6 fxe6 27.Rcxd6 Bxa3 28.Rxe6 Kf7 29.Ra6 Be7
30.Rd7 Rhd8 31.Rxe7+ Kxe7 32.Bxg5+ Ke8 33.Bxd8 Kxd8 34.Kf2 Ke7 35.f4 {#r} 1-0

[Event "It (open)"]
[Site "masterchessopen.com Copenhagen (Denmark)"]
[Round "0"]
[White "Sznapik Aleksander (POL)"]
[Black "Sorensen Henrik (DEN)"]
[Result "1-0"]
[WhiteElo "2397"]
[BlackElo "2151"]

1.e4 c5 2.Nf3 Nc6 3.d4 cxd4 4.Nxd4 g6 5.c4 Bg7 6.Be3 Nf6 7.Nc3 Ng4 8.Qxg4 Nxd4
9.Qd1 e5 10.Qd2 O-O 11.Nb5 Qh4 12.Bd3 d5 13.exd5 Bh3 14.Bxd4 exd4 15.gxh3 a6
16.Na3 Rfe8+ 17.Kd1 Bh6 18.f4 Bxf4 19.Qg2 Re3 20.Kc2 Rae8 21.Raf1 Rxd3 22.Kxd3
Re3+ 23.Kc2 d3+ 24.Kb1 Re2 25.Qg4 Qf6 26.Qc8+ Kg7 27.Qxb7 Qd4 28.Rxf4 Qxf4
29.Qb3 d2 30.Rd1 f6 31.Qd3 Re1 32.Kc2 {#r} 1-0

[Event "It (w)"]
[Site "masterchessopen.com Hamburg (Germany)"]
[Round "4"]
[White "Ehrke Anja (GER)"]
[Black "Heinatz Dr Gundula (SUI)"]
[Result "1-0"]
[WhiteElo "2225"]
[BlackElo "2218"]

1.e4 c5 2.Nf3 Nc6 3.d4 cxd4 4.Nxd4 g6 5.c4 Bg7 6.Be3 Nf6 7.Nc3 Ng4 8.Qxg4 Nxd4
9.Qd1 Ne6 10.Rc1 O-O 11.Be2 b6 12.O-O Bb7 13.f3 f5 14.exf5 Rxf5 15.Qd2 Rc8
16.Nd5 Qf8 17.Bd3 Rh5 18.Be4 Nc5 19.b4 Nxe4 20.fxe4 Qe8 21.Bg5 h6 22.Nxe7+ Kh7
23.Nxc8 hxg5 24.Nd6 Qe5 25.g3 Bxe4 26.Nxe4 Qxe4 27.Rf7 Kh6 28.Rxd7 Rh3 29.Re1
{#r} 1-0

[Event "Ch Yugoslavia (w)"]
[Site "masterchessopen.com Kladovo (Yugoslavia)"]
[Round "0"]
[White "Micic Snezana (SRB)"]
[Black "Gostovic-Bozovic Miroslava (YUG)"]
[Result "1-0"]
[WhiteElo "2151"]
[BlackElo "2080"]

1.e4 c5 2.Nf3 g6 3.d4 cxd4 4.Nxd4 Nc6 5.c4 Bg7 6.Be3 Nf6 7.Nc3 Ng4 8.Qxg4 Nxd4
9.Qd1 Nc6 10.Qd2 h5 11.Be2 d6 12.h3 Be6 13.Nd5 Bd7 14.Rc1 e5 15.O-O Nd4 16.Bd1
O-O 17.Bg5 f6 18.Be3 Be6 19.Bxd4 exd4 20.Qxd4 f5 21.Qd3 Bxb2 22.Rb1 fxe4
23.Qxe4 Bf5 24.Ne7+ Kh8 25.Nxf5 gxf5 26.Qf3 Qf6 27.Qxh5+ Kg8 28.Bc2 Rac8
29.Bxf5 Rc7 30.Qg6+ Qxg6 31.Bxg6 Bd4 32.Be4 Kg7 33.Rxb7 {#r} 1-0

[Event "Memorial Goldberg"]
[Site "masterchessopen.com Moscow (Russia)"]
[Round "12"]
[White "Belov Igor (RUS)"]
[Black "Najdoski Toni (MKD)"]
[Result "1-0"]
[WhiteElo "2430"]
[BlackElo "2598"]

1.Nf3 Nf6 2.c4 g6 3.Nc3 c5 4.d4 cxd4 5.Nxd4 Bg7 6.e4 Nc6 7.Be3 Ng4 8.Qxg4 Nxd4
9.Qd1 Ne6 10.Rc1 O-O 11.Be2 d6 12.b4 Bd7 13.O-O a6 14.Qd2 b6 15.Nd5 Rb8 16.f4
Bc6 17.f5 Nc7 18.Bh6 Ne8 19.Bd3 Bxd5 20.exd5 b5 21.Rf3 Qb6+ 22.c5 dxc5 23.bxc5
Qc7 24.Bxg7 Kxg7 25.Rh3 h5 26.fxg6 fxg6 27.Qg5 Rf6 28.Rxh5 Qf4 29.Qxf4 Rxf4
30.Rg5 Rf6 31.Re1 Kh7 32.h4 Rd8 33.Rxe7+ Ng7 34.g4 Rdf8 35.Rh5+ {#r} 1-0

[Event "It (active)"]
[Site "masterchessopen.com Murcia (Spain)"]
[Round "0"]
[White "Arnason Jon L (ISL)"]
[Black "Pares Vives Jose (ESP)"]
[Result "1-0"]
[WhiteElo "2540"]
[BlackElo "2270"]

1.e4 c5 2.Nf3 Nc6 3.d4 cxd4 4.Nxd4 g6 5.c4 Bg7 6.Be3 Nf6 7.Nc3 Ng4 8.Qxg4 Nxd4
9.Qd1 Ne6 10.Rc1 Qa5 11.Qd2 b6 12.Be2 Bb7 13.f3 h5 14.O-O g5 15.a3 Qe5 16.Rfd1
d6 17.Bf1 h4 18.b4 Kf8 19.Qf2 Rc8 20.Nb5 Ra8 21.Nd4 Nxd4 22.Bxd4 Qe6 23.c5
bxc5 24.bxc5 dxc5 25.Bxg7+ Kxg7 26.Qb2+ {#r} 1-0

[Event "It (open)"]
[Site "masterchessopen.com Philadelphia (USA)"]
[Round "0"]
[White "De Fotis Gregory (USA)"]
[Black "Masculo Jose (BRA)"]
[Result "1-0"]
[WhiteElo "2380"]
[BlackElo "2310"]

1.d4 Nf6 2.c4 c5 3.Nf3 g6 4.Nc3 cxd4 5.Nxd4 Bg7 6.e4 Nc6 7.Be3 Ng4 8.Qxg4 Nxd4
9.Qd1 Ne6 10.Rc1 Qa5 11.Qd2 b6 12.Bd3 Bb7 13.f3 f5 14.exf5 gxf5 15.O-O Rg8
16.Kh1 Rc8 17.Rfe1 f4 18.Bxf4 Qh5 19.Nd5 Kd8 20.Rxe6 dxe6 21.Nf6 Bxf6 22.Bg6+
Qd5 23.cxd5 {#r} 1-0

[Event "Ch World (juniors) (under 20)"]
[Site "masterchessopen.com Santiago (Chile)"]
[Round "0"]
[White "Hernandez Gilberto (MEX)"]
[Black "Sjodahl Pontus (SWE)"]
[Result "1-0"]
[WhiteElo "2523"]
[BlackElo "2417"]

1.Nf3 c5 2.c4 Nc6 3.d4 cxd4 4.Nxd4 g6 5.e4 Bg7 6.Be3 Nf6 7.Nc3 Ng4 8.Qxg4 Nxd4
9.Qd1 Ne6 10.Qd2 Qa5 11.Rc1 b6 12.Be2 Bb7 13.f3 g5 14.O-O d6 15.Rfd1 h5 16.a3
Qe5 17.b4 Bc6 18.a4 h4 19.Nb5 g4 20.f4 Qf6 21.f5 g3 22.fxe6 gxh2+ 23.Kxh2 Bxe4
24.exf7+ Kf8 25.Bg5 h3 26.Bxf6 hxg2+ 27.Kg3 Bxf6 28.Bf3 {#r} 1-0

[Event "Cup Rilton"]
[Site "masterchessopen.com Stockholm (Sweden)"]
[Round "0"]
[White "Polajzer Danilo (SLO)"]
[Black "Plachetka Jan (SVK)"]
[Result "0-1"]
[WhiteElo "2293"]
[BlackElo "2388"]

1.Nf3 c5 2.c4 g6 3.d4 cxd4 4.Nxd4 Bg7 5.e4 Nc6 6.Be3 Nf6 7.Nc3 Ng4 8.Qxg4 Nxd4
9.Qd1 Ne6 10.Rc1 Qa5 11.Qd2 b6 12.b3 Bb7 13.Nd5 Qxd2+ 14.Kxd2 Rc8 15.f4 Nc5
16.Bxc5 bxc5 17.Bd3 e6 18.Nc3 Ke7 19.Rhe1 Bh6 20.g3 g5 21.Ke3 gxf4+ 22.gxf4 e5
23.Ne2 exf4+ 24.Nxf4 Kd6 25.Rc2 Ke5 26.Rf2 Rhg8 27.Ref1 Rg4 28.h3 Rxf4 29.Rxf4
Rg8 {#R} 0-1

[Event "It (cat.9)"]
[Site "masterchessopen.com Suhr (Switzerland)"]
[Round "0"]
[White "Brunner Lucas (SUI)"]
[Black "Ekstroem Roland (SUI)"]
[Result "0-1"]
[WhiteElo "2475"]
[BlackElo "2486"]

1.d4 Nf6 2.Nf3 g6 3.c4 c5 4.Nc3 cxd4 5.Nxd4 Bg7 6.e4 Nc6 7.Be3 Ng4 8.Qxg4 Nxd4
9.Qd1 e5 10.Nb5 O-O 11.Nxd4 exd4 12.Bxd4 Qa5+ 13.Ke2 Re8 14.f3 d5 15.Bxg7
Rxe4+ 16.Kd3 Rxc4 17.Ke3 Qc5+ 18.Kd2 Kxg7 19.Bxc4 dxc4 20.Qe1 Qg5+ 21.Kc3 Qf6+
22.Kc2 Bf5+ 23.Kc1 c3 24.bxc3 Rc8 25.Kb2 Qb6+ 26.Kc1 Qa5 27.Kb2 Qb5+ 28.Kc1
Qb4 {#R} 0-1

[Event "Staatsliga"]
[Site "masterchessopen.com Austria"]
[Round "0"]
[White "Klinger Josef (AUT)"]
[Black "Brestian Egon (AUT)"]
[Result "1-0"]
[WhiteElo "1981"]
[BlackElo "2475"]

1.e4 c5 2.Nf3 g6 3.c4 Bg7 4.d4 cxd4 5.Nxd4 Nc6 6.Be3 Nf6 7.Nc3 Ng4 8.Qxg4 Nxd4
9.Qd1 Ne6 10.Rc1 d6 11.Be2 O-O 12.O-O Nc5 13.b4 Bxc3 14.bxc5 Bb4 15.cxd6 Qxd6
16.Qb3 Bc5 17.Bh6 Re8 18.Rcd1 Qc6 19.Qc3 e5 20.Rd5 f6 21.Qf3 Bf8 22.Bxf8 Rxf8
23.Rfd1 Qc7 24.Rb1 Qe7 25.Qg3 Be6 26.Bg4 Bxg4 27.Qxg4 Rad8 28.c5 Rxd5 29.exd5
{#r} 1-0

[Event "Staatsliga (play-off)"]
[Site "masterchessopen.com Austria"]
[Round "0"]
[White "Schoeppl Engelbert (AUT)"]
[Black "Beck Hartmuth (AUT)"]
[Result "0-1"]
[WhiteElo "2204"]
[BlackElo "2305"]

1.c4 c5 2.Nf3 g6 3.d4 cxd4 4.Nxd4 Bg7 5.Nc3 Nf6 6.e4 Nc6 7.Be3 Ng4 8.Qxg4 Nxd4
9.Qd1 Ne6 10.Qd2 Qa5 11.Rc1 b6 12.Be2 Bb7 13.f3 d6 14.O-O g5 15.Rfd1 h5 16.a3
Qe5 17.b4 h4 18.Nd5 Rc8 19.Qc2 Qb2 20.Qa4+ Bc6 21.Qa6 Ra8 22.c5 dxc5 23.bxc5
Bxd5 24.exd5 Nf4 25.Bb5+ Kf8 26.Bf1 bxc5 27.Bxc5 Bf6 28.Rb1 Qc3 29.Qc6 Kg7
30.Bb4 Qe3+ 31.Kh1 h3 32.Qc5 hxg2+ 33.Bxg2 Rxh2+ 34.Kxh2 Rh8+ 35.Kg3 Ne2+ {#R}
0-1

[Event "Spartakiada URS (w)"]
[Site "masterchessopen.com Azov (Russia)"]
[Round "3"]
[White "Saidova T (AZE)"]
[Black "Sergeeva Tatyana (KAZ)"]
[Result "1-0"]
[WhiteElo "2050"]
[BlackElo "2231"]

1.e4 c5 2.Nf3 Nc6 3.d4 cxd4 4.Nxd4 g6 5.c4 Bg7 6.Be3 Nf6 7.Nc3 Ng4 8.Qxg4 Nxd4
9.Qd1 Ne6 10.Be2 Qa5 11.O-O Bxc3 12.bxc3 Qxc3 13.Qd5 Nc7 14.Qd1 Ne6 15.Rc1 Qe5
16.f4 Qxe4 17.Qd2 Ng7 18.Bd3 Qc6 19.Bd4 f6 20.Rce1 Kf7 21.f5 Nxf5 22.Bxf5 gxf5
23.Rxf5 Rg8 24.Qe2 Rg6 25.Qxe7+ Kg8 26.Qe8+ Kg7 27.Re7+ {#r} 1-0

[Event "It (festival)"]
[Site "masterchessopen.com Budapest (Hungary)"]
[Round "0"]
[White "Mijailovic Zoran (SRB)"]
[Black "Borge Nikolaj (DEN)"]
[Result "1-0"]
[WhiteElo "2414"]
[BlackElo "2408"]

1.Nf3 g6 2.e4 c5 3.c4 Nc6 4.d4 cxd4 5.Nxd4 Bg7 6.Be3 Nf6 7.Nc3 Ng4 8.Qxg4 Nxd4
9.Qd1 Ne6 10.Rc1 Qa5 11.Bd3 g5 12.O-O d6 13.a3 Bd7 14.b4 Qxa3 15.Nd5 Bc6 16.c5
dxc5 17.bxc5 Rd8 18.Bc4 Rd7 19.Qh5 Qb2 20.Nb6 Qe5 21.Bxe6 Qxe6 22.Nxd7 Qxe4
23.Qxg5 Bh6 24.Qg3 Bxe3 25.Nf6+ exf6 26.Rce1 Bxf2+ 27.Qxf2 O-O {#r} 1-0

[Event "corr."]
[Site "masterchessopen.com Denmark"]
[Round "0"]
[White "Cordes Steffen (DEN)"]
[Black "Hansen Carsten (DEN)"]
[Result "1-0"]
[WhiteElo "2063"]
[BlackElo "2290"]

1.e4 c5 2.Nf3 Nc6 3.d4 cxd4 4.Nxd4 g6 5.c4 Bg7 6.Be3 Nf6 7.Nc3 Ng4 8.Qxg4 Nxd4
9.Qd1 Ne6 10.Rc1 Qa5 11.Be2 b6 12.O-O Bb7 13.f3 g5 14.Rf2 h5 15.Bf1 Qe5 16.Rd2
d6 17.Nd5 Kf8 18.b4 Bh6 19.Qb3 g4 20.Bxh6+ Rxh6 21.Qe3 Qg7 22.f4 Rc8 23.a4 Nc7
24.a5 Na8 25.axb6 Bxd5 26.Rxd5 Nxb6 27.Ra5 Qb2 28.f5 Rf6 29.Qg5 Qd4+ 30.Kh1
Nxc4 31.Qxh5 Ke8 32.Qh8+ Kd7 33.Qxc8+ Kxc8 34.Rxc4+ Qxc4 35.Bxc4 {#r} 1-0

[Event "Ch Finland (team)"]
[Site "masterchessopen.com Finland"]
[Round "0"]
[White "Sorri Kari Juhani (FIN)"]
[Black "Hurme Harri M (FIN)"]
[Result "1-0"]
[WhiteElo "2251"]
[BlackElo "2258"]

1.e4 c5 2.Nf3 Nc6 3.d4 cxd4 4.Nxd4 g6 5.c4 Bg7 6.Be3 Nf6 7.Nc3 Ng4 8.Qxg4 Nxd4
9.Qd1 Ne6 10.Qd2 Qa5 11.Be2 b6 12.Rd1 d6 13.O-O Bb7 14.f3 g5 15.a3 h5 16.Nd5
Qxd2 17.Rxd2 Be5 18.a4 f6 19.a5 bxa5 20.Ra1 Kf7 21.Rxa5 Rhc8 22.b4 Bxd5
23.cxd5 Rc1+ 24.Rd1 Rxd1+ 25.Bxd1 Nf4 26.g3 Ng6 27.b5 Bc3 28.Rxa7 Rb8 29.Be2
h4 30.b6 hxg3 31.hxg3 Bb4 32.Bb5 Nh8 {#r} 1-0

[Event "Oberliga 1990/91"]
[Site "masterchessopen.com Hessen (Germany)"]
[Round "0"]
[White "De Luca Claudio (GER)"]
[Black "Holfelder Hans Joachim (GER)"]
[Result "1-0"]
[WhiteElo "2230"]
[BlackElo "2224"]

1.c4 Nf6 2.Nc3 c5 3.Nf3 g6 4.d4 cxd4 5.Nxd4 Bg7 6.e4 Nc6 7.Be3 Ng4 8.Qxg4 Nxd4
9.Qd1 Ne6 10.Qd2 d6 11.Be2 Bd7 12.O-O O-O 13.Rfd1 Bc6 14.f3 a5 15.Rac1 Nc5
16.b3 b6 17.Bd3 Nxd3 18.Qxd3 f5 19.Nd5 Rb8 20.Re1 e6 21.Nf4 fxe4 22.fxe4 Be5
23.Rf1 Qe7 24.g3 Qb7 25.Nxe6 Bxe4 26.Qd2 Rxf1+ 27.Rxf1 Qe7 28.Ng5 Bf5 29.Qd5+
Kg7 30.g4 h6 31.gxf5 hxg5 32.fxg6 Bxh2+ 33.Kxh2 Kxg6 34.Qf5+ {#r} 1-0

[Event "?"]
[Site "masterchessopen.com Lombardia (Italy)"]
[Round "0"]
[White "Guerrini Donato (ITA)"]
[Black "Quinto Gianni (ITA)"]
[Result "0-1"]
[WhiteElo "2019"]
[BlackElo "2210"]

1.e4 c5 2.Nf3 Nc6 3.c4 g6 4.d4 cxd4 5.Nxd4 Bg7 6.Be3 Nf6 7.Nc3 Ng4 8.Nxc6 Nxe3
9.Nxd8 Nxd1 10.Rxd1 Kxd8 11.c5 Bxc3+ 12.bxc3 b6 13.cxb6 axb6 14.Rd2 Ra3 15.Rc2
d6 16.Bb5 f5 17.f3 fxe4 18.fxe4 Bb7 19.Bd3 Rf8 20.Rf1 Rxf1+ 21.Kxf1 d5 22.exd5
Bxd5 23.Bxg6 Bc4+ {#R} 0-1

[Event "It (open)"]
[Site "masterchessopen.com Metz (France)"]
[Round "4"]
[White "Wojtkiewicz Aleksander (USA)"]
[Black "Vanheste Jeroen (NED)"]
[Result "1-0"]
[WhiteElo "2510"]
[BlackElo "2385"]

1.Nf3 c5 2.c4 g6 3.d4 cxd4 4.Nxd4 Bg7 5.e4 Nc6 6.Be3 Nf6 7.Nc3 Ng4 8.Qxg4 Nxd4
9.Qd1 Ne6 10.Rc1 Qa5 11.Bd3 g5 12.O-O h5 13.c5 Be5 14.a3 d6 15.cxd6 Bxd6
16.Nd5 Qd8 17.Be2 Be5 18.Qb3 Qd6 19.Rfd1 Qb8 20.Kh1 Kf8 21.Bb5 b6 22.Bc6 Bb7
23.Nxe7 Kxe7 24.Rd7+ Kf6 25.Rxb7 Qf8 26.Bd5 Rc8 27.h4 Rxc1+ 28.Bxc1 Nd4
29.Bxg5+ Kg7 30.Qd3 {#r} 1-0

[Event "It (open)"]
[Site "masterchessopen.com Miedzybrodzie (Poland)"]
[Round "0"]
[White "Przewoznik Jan (POL)"]
[Black "Maciejewski Miroslaw (POL)"]
[Result "1-0"]
[WhiteElo "2381"]
[BlackElo "2292"]

1.Nf3 Nf6 2.c4 c5 3.Nc3 Nc6 4.d4 cxd4 5.Nxd4 g6 6.e4 Bg7 7.Be3 Ng4 8.Qxg4 Nxd4
9.Qd1 e5 10.Nb5 O-O 11.Nxd4 exd4 12.Bxd4 Qa5+ 13.Ke2 Re8 14.f3 d5 15.Bxg7
Rxe4+ 16.Kd3 Rf4 17.Ke3 d4+ 18.Bxd4 Qg5 19.Kf2 Rxf3+ 20.gxf3 Qh4+ 21.Kg1 Be6
22.Qd2 Rd8 23.Rd1 {#r} 1-0